|
|
|
|
| LEADER |
00588nam a2200157Ia 4500 |
| 008 |
140316s9999 xx 000 0 und d |
| 020 |
|
|
|
| 082 |
|
|
|a 307.141 2
|b NAB/LA
|
| 100 |
|
|
|a NABARD,Kolkata
|
| 245 |
|
|
|a Land development sector in west bengal- Ex post evaluation study
|
| 260 |
|
|
|a Kolkata
|b National bank for Agriculture and Rural Development
|c 2005
|
| 300 |
|
|
|a 75
|
| 650 |
|
|
|a Rural Development
|
| 942 |
|
|
|2 ddc
|c BK
|
| 999 |
|
|
|c 14941
|d 14941
|
| 952 |
|
|
|0 0
|1 0
|2 ddc
|4 0
|6 307_141000000000000_2_NABLA
|7 0
|9 16242
|a KAUCLV
|b KAUCLV
|c GENERAL
|d 2014-03-18
|o 307.141 2 NAB/LA
|p 804657
|r 2014-03-18
|w 2014-03-18
|y BK
|